000 00282nam a22001337a 4500
003 SGT
082 _a360
_bA16M
100 _aMANGAL, S.K.
245 _aASSESSMENT FOR LEARNING
260 _aLUDHIANA
_bTANDON PUB
_c2016
300 _a252
650 _aEDUCATION
942 _2ddc
_cBK
_01
999 _c12741
_d12741